[Event "2. Bundesliga Ost 2014/2015"]
[Site "1020 Wien, Haus des Schachsports, Marathonweg 14"]
[Date "2015.03.07"]
[Round "10"]
[Board "4"]
[White "Schneider-Zinner, Harald"]
[Black "Salamon, Werner"]
[Result "1/2-1/2"]
[WhiteElo "2336"]
[BlackElo "2116"]
[PlyCount "110"]
[EventDate "2014.10.18"]
[EventType "team"]
[EventRounds "11"]
[EventCountry "AUT"]
[WhiteTeam "SG Hietzing/Ottakring"]
[BlackTeam "ASVOE Mattersburg"]

1. d4 Nf6 2. Nf3 d5 3. c4 e6 4. g3 Be7 5. Bg2 O-O 6. O-O c5 7. cxd5 exd5 8. Nc3
Nc6 9. dxc5 Bxc5 10. Bg5 Be6 11. Bxf6 Qxf6 12. Nxd5 Qxb2 13. Nc7 Rad8 14. Qc1
Qxc1 15. Raxc1 Bb6 16. Nxe6 fxe6 17. Rc4 Rd6 18. h4 Rfd8 19. e3 h6 20. Re4 Kf7
21. Bh3 Kf6 22. Kg2 e5 23. Rb1 Rd1 24. Rb2 Rc1 25. Nd2 Na5 26. Ra4 Rd5 27. Rab4
Nc6 28. Ne4+ Ke7 29. R4b3 Na5 30. Rc3 Rxc3 31. Nxc3 Rd3 32. Na4 Nc4 33. Rc2 Na3
34. Rc8 Rd2 35. Nxb6 axb6 36. Rc7+ Kf6 37. Rxb7 Nc4 38. a4 Nxe3+ 39. Kg1 Nc4
40. Bf1 Rc2 41. Bxc4 Rxc4 42. Rxb6+ Kf5 43. a5 Ra4 44. a6 h5 45. Rb7 g5 46. a7
gxh4 47. gxh4 Ra2 48. Rg7 Kf4 49. Kg2 e4 50. Rf7+ Kg4 51. Re7 Kf4 52. Rb7 Kg4
53. Rb4 Kf4 54. Rb5 Rxa7 55. Rxh5 Ra2 1/2-1/2

[Event "2. Bundesliga Ost 2014/2015"]
[Site "1020 Wien, Haus des Schachsports, Marathonweg 14"]
[Date "2015.03.07"]
[Round "10"]
[Board "5"]
[White "Strodl, Joachim"]
[Black "Dragnev, Valentin"]
[Result "1/2-1/2"]
[WhiteElo "2084"]
[BlackElo "2321"]
[PlyCount "142"]
[EventDate "2014.10.18"]
[EventType "team"]
[EventRounds "11"]
[EventCountry "AUT"]
[WhiteTeam "ASVOE Mattersburg"]
[BlackTeam "SG Hietzing/Ottakring"]

1. c4 Nf6 2. Nc3 g6 3. Nf3 Bg7 4. g3 O-O 5. Bg2 d6 6. O-O Nbd7 7. Rb1 a5 8. a3
Nb6 9. d3 a4 10. Be3 Bd7 11. Bxb6 cxb6 12. Nd4 Qb8 13. Ndb5 Ra5 14. Nxa4 Bxb5
15. cxb5 Rxb5 16. Nc3 Re5 17. Qb3 Nd7 18. d4 Rh5 19. Rfd1 e6 20. Qb4 Rc8 21. e3
Ra5 22. Bf1 Bf8 23. d5 Qc7 24. dxe6 fxe6 25. Qg4 Re8 26. Nb5 Qb8 27. b4 Ra8 28.
Qd4 d5 29. f4 Bg7 30. Qd3 Nf6 31. Rbc1 Re7 32. Rc2 e5 33. Bh3 Qd8 34. Rdc1 Qf8
35. Nc7 Rb8 36. Nxd5 Nxd5 37. Qxd5+ Kh8 38. Rc8 Rxc8 39. Rxc8 Re8 40. Qxb7 exf4
41. gxf4 Rxc8 42. Qxc8 Qxc8 43. Bxc8 Bb2 44. a4 Bc3 45. b5 Kg7 46. Kf2 Kf6 47.
Kf3 g5 48. fxg5+ Kxg5 49. Ke4 Kf6 50. Kd5 Bd2 51. e4 Bc3 52. Bf5 h6 53. h3 Ba5
54. Bh7 Bc3 55. Bg8 Kg7 56. Kc6 Bd4 57. Bb3 Kf6 58. a5 bxa5 59. Kd5 Be5 60. Kc6
Bb8 61. Kd5 Bc7 62. Ba4 Bf4 63. b6 Bg3 64. Bc6 Bf2 65. e5+ Ke7 66. b7 Ba7 67.
e6 Bb8 68. Bd7 Bd6 69. Kc4 a4 70. Bc8 a3 71. Kb3 Kd8 1/2-1/2

[Event "2. Bundesliga Ost 2014/2015"]
[Site "1020 Wien, Haus des Schachsports, Marathonweg 14"]
[Date "2015.03.07"]
[Round "10"]
[Board "6"]
[White "Steiner, Adam"]
[Black "Savio, Alfred Jun."]
[Result "1-0"]
[WhiteElo "2247"]
[BlackElo "2043"]
[PlyCount "53"]
[EventDate "2014.10.18"]
[EventType "team"]
[EventRounds "11"]
[EventCountry "AUT"]
[WhiteTeam "SG Hietzing/Ottakring"]
[BlackTeam "ASVOE Mattersburg"]

1. e4 Nc6 2. Nc3 Nf6 3. d4 e5 4. dxe5 Nxe5 5. f4 Nc6 6. e5 Ng8 7. Bc4 d6 8. Be3
Bf5 9. Qe2 dxe5 10. Rd1 Qh4+ 11. Bf2 Qg4 12. Nf3 Bb4 13. fxe5 Nh6 14. O-O Bxc3
15. bxc3 O-O 16. Bd5 Qa4 17. Bb3 Qa3 18. h3 Rae8 19. Qb5 Qa6 20. Qxa6 bxa6 21.
Bc5 Ne7 22. Ba4 c6 23. Nd4 Be4 24. Rb1 f6 25. e6 Nhf5 26. Nxf5 Bxf5 27. Bxe7
 1-0

[Event "2. Bundesliga Ost 2014/2015"]
[Site "1020 Wien, Haus des Schachsports, Marathonweg 14"]
[Date "2015.03.08"]
[Round "11"]
[Board "1"]
[White "Menezes, Christoph"]
[Black "Videki, Sandor"]
[Result "0-1"]
[WhiteElo "2263"]
[BlackElo "2380"]
[PlyCount "86"]
[EventDate "2014.10.18"]
[EventType "team"]
[EventRounds "11"]
[EventCountry "AUT"]
[WhiteTeam "SG Hietzing/Ottakring"]
[BlackTeam "SC Data Technology Pressbaum/E."]

1. d4 d5 2. c4 c6 3. Nf3 Nf6 4. Nc3 e6 5. Bg5 Nbd7 6. e3 Qa5 7. cxd5 Nxd5 8.
Rc1 Bb4 9. a3 Bxc3+ 10. bxc3 h6 11. Bh4 b6 12. Qd2 Ba6 13. c4 Qxd2+ 14. Nxd2
Ne7 15. f3 f5 16. Be2 c5 17. Bf2 O-O 18. O-O Rac8 19. Rfe1 Kf7 20. Bf1 Bb7 21.
Nb3 Bc6 22. dxc5 Ba4 23. Nd4 Nxc5 24. Nb5 Bxb5 25. cxb5 Rfd8 26. Rc3 Na4 27.
Rxc8 Rxc8 28. Rd1 Nd5 29. Rd4 Nac3 30. Rc4 Rxc4 31. Bxc4 Nc7 32. Bg3 N7xb5 33.
a4 Na3 34. Bb3 Ne2+ 35. Kf2 Nxg3 36. hxg3 b5 37. axb5 Nxb5 38. Ke2 Ke7 39. Kd3
Kd6 40. Kc4 Nc7 41. e4 fxe4 42. fxe4 Ke5 43. Bc2 Ne8 0-1

[Event "2. Bundesliga Ost 2014/2015"]
[Site "1020 Wien, Haus des Schachsports, Marathonweg 14"]
[Date "2015.03.08"]
[Round "11"]
[Board "2"]
[White "Rumpl, Erwin"]
[Black "Penz, Harald"]
[Result "1-0"]
[WhiteElo "2314"]
[BlackElo "2321"]
[PlyCount "125"]
[EventDate "2014.10.18"]
[EventType "team"]
[EventRounds "11"]
[EventCountry "AUT"]
[WhiteTeam "SC Data Technology Pressbaum/E."]
[BlackTeam "SG Hietzing/Ottakring"]

1. Nf3 d5 2. c4 e6 3. b3 d4 4. g3 c5 5. Bg2 Nc6 6. O-O Nf6 7. d3 Bd6 8. e3 O-O
9. exd4 cxd4 10. Na3 e5 11. Nc2 Re8 12. Re1 Bf5 13. Bg5 h6 14. Bxf6 Qxf6 15.
Nh4 Bh7 16. Be4 Bxe4 17. Rxe4 Nb4 18. Nxb4 Bxb4 19. Qe2 Re7 20. Rf1 Rae8 21. f4
exf4 22. Rfxf4 Rxe4 23. Rxe4 Rxe4 24. Qxe4 b6 25. Kg2 a5 26. Nf3 Bc5 27. Qe8+
Kh7 28. Ne5 Bd6 29. Nf3 Be7 30. Qa8 Bc5 31. Qd5 g6 32. Qe4 Kg7 33. g4 Qd8 34.
h4 Qd7 35. h5 Qd8 36. hxg6 fxg6 37. Qb7+ Kg8 38. Ne5 Qf6 39. Qe4 Kg7 40. Nf3
Qd8 41. Kf1 Qd6 42. Kf2 Qf6 43. Ke2 Qd6 44. Kd2 Qg3 45. Nxd4 Qf2+ 46. Ne2 Bb4+
47. Kc2 Qe1 48. Qe3 Kh7 49. d4 Qa1 50. Nc1 Ba3 51. c5 Bxc1 52. Qxc1 Qxd4 53. c6
Qxg4 54. c7 Qc8 55. Kb2 Kg7 56. Qf4 Qd7 57. Kc3 Qh3+ 58. Kc4 Qe6+ 59. Kb5 g5
60. Qd4+ Kf7 61. Qd8 Qe2+ 62. Kc6 Qc2+ 63. Kb7 1-0

[Event "2. Bundesliga Ost 2014/2015"]
[Site "1020 Wien, Haus des Schachsports, Marathonweg 14"]
[Date "2015.03.08"]
[Round "11"]
[Board "3"]
[White "Dragnev, Valentin"]
[Black "Neumeier, Klaus"]
[Result "1-0"]
[WhiteElo "2321"]
[BlackElo "2268"]
[PlyCount "49"]
[EventDate "2014.10.18"]
[EventType "team"]
[EventRounds "11"]
[EventCountry "AUT"]
[WhiteTeam "SG Hietzing/Ottakring"]
[BlackTeam "SC Data Technology Pressbaum/E."]

1. e4 c5 2. Nf3 Nc6 3. d4 cxd4 4. Nxd4 e6 5. Nc3 Qc7 6. Be3 a6 7. Be2 b5 8.
Nxc6 dxc6 9. f4 Bb7 10. O-O Rd8 11. Qe1 Be7 12. Qg3 c5 13. Qxg7 Bf6 14. Qg3 b4
15. Na4 Be7 16. Bf3 Nf6 17. e5 Nd5 18. Bf2 Kf8 19. Be4 Qc6 20. b3 Nxf4 21. Rae1
Nd5 22. Be3 h5 23. Rxf7+ Kxf7 24. Qg6+ Kf8 25. Rf1+ 1-0

[Event "2. Bundesliga Ost 2014/2015"]
[Site "1020 Wien, Haus des Schachsports, Marathonweg 14"]
[Date "2015.03.08"]
[Round "11"]
[Board "4"]
[White "Weissenbeck, Manuel"]
[Black "Gstach, Jakob"]
[Result "1-0"]
[WhiteElo "2213"]
[BlackElo "2263"]
[PlyCount "77"]
[EventDate "2014.10.18"]
[EventType "team"]
[EventRounds "11"]
[EventCountry "AUT"]
[WhiteTeam "SC Data Technology Pressbaum/E."]
[BlackTeam "SG Hietzing/Ottakring"]

1. d4 Nf6 2. Nf3 g6 3. c4 Bg7 4. Nc3 O-O 5. e4 d6 6. Be2 e5 7. O-O Nc6 8. d5
Ne7 9. b4 Nh5 10. Re1 f5 11. Ng5 Nf6 12. Bf3 c6 13. Ba3 Ne8 14. Qb3 h6 15. Ne6
Bxe6 16. dxe6 Nc7 17. c5 d5 18. exd5 cxd5 19. Bxd5 Nexd5 20. Rad1 Kh8 21. Rxd5
Nxd5 22. Nxd5 Re8 23. e7 Rxe7 24. Nxe7 Qxe7 25. b5 Rd8 26. c6 Qc7 27. Rc1 e4
28. Bb2 Rd6 29. Bxg7+ Kxg7 30. Qc3+ Kh7 31. Qc5 bxc6 32. bxc6 Rd2 33. h4 h5 34.
a4 a5 35. Rb1 Rd6 36. Rc1 Rd2 37. g3 Rd3 38. Rb1 Rxg3+ 39. Kf1 1-0

[Event "2. Bundesliga Ost 2014/2015"]
[Site "1020 Wien, Haus des Schachsports, Marathonweg 14"]
[Date "2015.03.08"]
[Round "11"]
[Board "5"]
[White "Steiner, Adam"]
[Black "Hechl, Gerald"]
[Result "1/2-1/2"]
[WhiteElo "2247"]
[BlackElo "2180"]
[PlyCount "66"]
[EventDate "2014.10.18"]
[EventType "team"]
[EventRounds "11"]
[EventCountry "AUT"]
[WhiteTeam "SG Hietzing/Ottakring"]
[BlackTeam "SC Data Technology Pressbaum/E."]

1. e4 e6 2. d4 d5 3. exd5 exd5 4. Nf3 Nf6 5. Be2 Be7 6. O-O O-O 7. c4 dxc4 8.
Bxc4 c6 9. h3 Nbd7 10. Nc3 Nb6 11. Bd3 h6 12. Ne5 Be6 13. Re1 Nbd5 14. a3 Qc8
15. Qf3 Nxc3 16. bxc3 Bd5 17. Qg3 Nh5 18. Qg4 Qxg4 19. hxg4 Nf6 20. g5 hxg5 21.
Ng6 fxg6 22. Rxe7 Rae8 23. Rxe8 Rxe8 24. Bxg5 Ne4 25. c4 Nxg5 26. cxd5 cxd5 27.
Rb1 b6 28. Bxg6 Re6 29. Bd3 Rc6 30. Re1 Ne6 31. Re5 Rd6 32. Bg6 Nc7 33. Bd3 Kf7
 1/2-1/2

[Event "2. Bundesliga Ost 2014/2015"]
[Site "1020 Wien, Haus des Schachsports, Marathonweg 14"]
[Date "2015.03.08"]
[Round "11"]
[Board "6"]
[White "Schmidrathner, Christian"]
[Black "Plank, Franz"]
[Result "0-1"]
[WhiteElo "2075"]
[BlackElo "2259"]
[PlyCount "72"]
[EventDate "2014.10.18"]
[EventType "team"]
[EventRounds "11"]
[EventCountry "AUT"]
[WhiteTeam "SC Data Technology Pressbaum/E."]
[BlackTeam "SG Hietzing/Ottakring"]

1. e4 d5 2. exd5 Qxd5 3. Nc3 Qa5 4. d4 Nf6 5. Bc4 Nc6 6. Nge2 e5 7. Bd2 exd4 8.
Nd5 Qc5 9. Nxc7+ Kd8 10. Nxa8 Qxc4 11. O-O Bd7 12. c3 d3 13. Nd4 Bd6 14. Be3
Kc8 15. Qb3 Na5 16. Nb6+ axb6 17. Qxb6 Qc5 18. Qxc5+ Bxc5 19. Rfd1 Nc4 20. b3
Nxe3 21. fxe3 Bxd4 22. exd4 Bf5 23. a4 Nd5 24. a5 Kb8 25. c4 Nc3 26. Rd2 Ne2+
27. Rxe2 dxe2 28. Kf2 Re8 29. Ke1 Bc2 30. b4 Re4 31. d5 Bd3 32. c5 Rxb4 33. Kd2
Bb5 34. d6 Rd4+ 35. Ke1 Ka7 36. Rb1 Ka6 0-1

[Event "2. Bundesliga Ost 2014/2015"]
[Site "1020 Wien, Haus des Schachsports, Marathonweg 14"]
[Date "2015.03.08"]
[Round "11"]
[Board "1"]
[White "Chytilek, Roman"]
[Black "Petran, Peter"]
[Result "0-1"]
[WhiteElo "2362"]
[BlackElo "2330"]
[PlyCount "170"]
[EventDate "2014.10.18"]
[EventType "team"]
[EventRounds "11"]
[EventCountry "AUT"]
[WhiteTeam "SV Stockerau"]
[BlackTeam "ASVOE Mattersburg"]

1. d4 g6 2. e4 Bg7 3. Nc3 c6 4. h3 b5 5. Nf3 d6 6. e5 dxe5 7. Nxe5 Nf6 8. Be2
a6 9. Bf3 Bb7 10. a4 b4 11. Ne4 Nxe4 12. Bxe4 a5 13. Bf4 O-O 14. O-O Qc8 15.
Rc1 Nd7 16. c3 Nxe5 17. dxe5 c5 18. Qf3 Bxe4 19. Qxe4 Qe6 20. cxb4 cxb4 21. Rc4
Rfd8 22. Rfc1 f6 23. Rc5 g5 24. Be3 f5 25. Rc6 Qxe5 26. Qxe5 Bxe5 27. Bxg5 Bxb2
28. Rb1 Bg7 29. Bxe7 Rdc8 30. Rb6 Rc2 31. Rb5 Ra2 32. Bxb4 axb4 33. R1xb4 Bf8
34. Rd4 f4 35. Rg5+ Kh8 36. Rf5 Bh6 37. Rd6 Bg7 38. a5 Kg8 39. Rdd5 Re8 40. h4
h6 41. Rd1 Rf8 42. Rc5 Bf6 43. Rh5 Kg7 44. Rd6 Rd8 45. Rxd8 Bxd8 46. g3 Bxa5
47. Kg2 Be1 48. gxf4 Rxf2+ 49. Kg3 Rf1+ 50. Kg4 Bd2 51. Rf5 Kg6 52. h5+ Kg7 53.
Kg3 Bb4 54. Kg4 Be7 55. Rb5 Rh1 56. Rb7 Kf7 57. Rb5 Ke6 58. Re5+ Kd6 59. Ra5
Kd7 60. Rb5 Bd6 61. Ra5 Ke6 62. Ra6 Rd1 63. Ra4 Rg1+ 64. Kf3 Rh1 65. Kg4 Rf1
66. Re4+ Kd5 67. Ra4 Rh1 68. Ra5+ Ke4 69. Ra4+ Ke3 70. Ra6 Rd1 71. Kf5 Rd4 72.
Kg6 Bxf4 73. Ra5 Ke4 74. Rb5 Rd6+ 75. Kg7 Be5+ 76. Kf7 Kf5 77. Ke7 Ra6 78. Kd7
Rd6+ 79. Ke7 Rc6 80. Kd7 Rc7+ 81. Kd8 Ra7 82. Kc8 Ke6 83. Rc5 Ra1 84. Rb5 Rg1
85. Kb7 Rg5 0-1

[Event "2. Bundesliga Ost 2014/2015"]
[Site "1020 Wien, Haus des Schachsports, Marathonweg 14"]
[Date "2015.03.08"]
[Round "11"]
[Board "2"]
[White "Brod, Manfred"]
[Black "Groetz, Harald"]
[Result "1/2-1/2"]
[WhiteElo "2266"]
[BlackElo "2309"]
[PlyCount "135"]
[EventDate "2014.10.18"]
[EventType "team"]
[EventRounds "11"]
[EventCountry "AUT"]
[WhiteTeam "ASVOE Mattersburg"]
[BlackTeam "SV Stockerau"]

1. e4 c5 2. Nc3 d6 3. g3 Nc6 4. Bg2 g6 5. d3 Bg7 6. Be3 e6 7. Qd2 Nd4 8. Nd1
Rb8 9. c3 Nc6 10. Ne2 Nge7 11. Bh6 O-O 12. Bxg7 Kxg7 13. f4 f6 14. O-O b5 15.
Ne3 b4 16. d4 Ba6 17. Rfd1 bxc3 18. bxc3 Qa5 19. d5 exd5 20. exd5 Nd8 21. Bf1
Nf7 22. Rab1 Rb6 23. Rb3 Nc8 24. Qc1 Qa4 25. Ra3 Qd7 26. c4 Ne7 27. Nc3 Rfb8
28. Na4 Rb4 29. Nxc5 dxc5 30. Rxa6 Nd6 31. Bd3 Ra4 32. Rxa4 Qxa4 33. Qc3 Nec8
34. Rd2 Rb7 35. g4 Qb4 36. Qc1 Re7 37. Re2 Qa5 38. g5 fxg5 39. fxg5 Kg8 40. Ng4
Rxe2 41. Bxe2 Qxa2 42. Nh6+ Kf8 43. Bg4 Qxc4 44. Qxc4 Nxc4 45. Bxc8 a5 46. Ba6
Nb6 47. d6 a4 48. Ng4 a3 49. Ne3 a2 50. Nc2 Kf7 51. Bb5 Ke6 52. d7 Nxd7 53.
Bc4+ Kf5 54. Bxa2 Kxg5 55. Kf2 Ne5 56. Ne3 Ng4+ 57. Nxg4 Kxg4 58. Bg8 h5 59.
Bf7 Kf4 60. Bxg6 h4 61. Bf7 c4 62. Bxc4 Kg5 63. Kf3 Kh6 64. Kg4 Kg7 65. Kxh4
Kh8 66. Kg5 Kg7 67. h4 Kh8 68. Kh6 1/2-1/2

[Event "2. Bundesliga Ost 2014/2015"]
[Site "1020 Wien, Haus des Schachsports, Marathonweg 14"]
[Date "2015.03.08"]
[Round "11"]
[Board "3"]
[White "Schmid, Thomas"]
[Black "Wiedner, Robert"]
[Result "0-1"]
[WhiteElo "2193"]
[BlackElo "2183"]
[PlyCount "86"]
[EventDate "2014.10.18"]
[EventType "team"]
[EventRounds "11"]
[EventCountry "AUT"]
[WhiteTeam "SV Stockerau"]
[BlackTeam "ASVOE Mattersburg"]

1. e4 Nf6 2. e5 Nd5 3. d4 d6 4. c4 Nb6 5. exd6 exd6 6. Nf3 Bf5 7. Be2 c6 8. O-O
Be7 9. Nc3 d5 10. c5 N6d7 11. Bf4 Nf8 12. h3 Ne6 13. Bh2 O-O 14. Bd3 Bxd3 15.
Qxd3 Nd7 16. b4 Bf6 17. Rab1 a6 18. a4 g6 19. Bd6 Re8 20. Rb3 Bg7 21. Ra3 Ng5
22. Nd2 Qf6 23. Nb3 b6 24. Raa1 Ne4 25. Nxe4 dxe4 26. Qc2 Qe6 27. Bf4 b5 28.
Rfe1 f5 29. Rad1 Qd5 30. Na5 h6 31. Be5 Ra7 32. Bxg7 Kxg7 33. Re2 Nf6 34. Qa2
Qd7 35. Qb3 Nd5 36. Qa3 Re7 37. Ra2 f4 38. Qb2 f3 39. Ra3 fxg2 40. Qd2 e3 41.
fxe3 Qxh3 42. Qxg2 Qxg2+ 43. Kxg2 Rxe3 0-1

[Event "2. Bundesliga Ost 2014/2015"]
[Site "1020 Wien, Haus des Schachsports, Marathonweg 14"]
[Date "2015.03.08"]
[Round "11"]
[Board "4"]
[White "Salamon, Werner"]
[Black "Pernerstorfer, Johannes"]
[Result "1/2-1/2"]
[WhiteElo "2116"]
[BlackElo "2101"]
[PlyCount "133"]
[EventDate "2014.10.18"]
[EventType "team"]
[EventRounds "11"]
[EventCountry "AUT"]
[WhiteTeam "ASVOE Mattersburg"]
[BlackTeam "SV Stockerau"]

1. e4 c5 2. c3 Nf6 3. e5 Nd5 4. Nf3 e6 5. d4 cxd4 6. cxd4 Nc6 7. Nc3 Bb4 8. Bd2
O-O 9. Nxd5 Bxd2+ 10. Qxd2 exd5 11. Be2 d6 12. O-O dxe5 13. Nxe5 Qd6 14. Bf3
Be6 15. Rfe1 Rac8 16. Rac1 Qb4 17. Rcd1 Qxd2 18. Rxd2 Ne7 19. g4 Rc7 20. Nd3 b6
21. Nf4 Rc6 22. Rde2 Ng6 23. Nxd5 Rd6 24. Nc3 Rxd4 25. Re4 Rd2 26. R1e2 Nh4 27.
R4e3 Nxf3+ 28. Rxf3 Rxe2 29. Nxe2 Bxg4 30. Re3 Rd8 31. Nc3 Be6 32. b3 Rd2 33.
Kg2 Kf8 34. Kg3 a6 35. Ne4 b5 36. Nc5 Rxa2 37. Nxe6+ fxe6 38. Rxe6 Ra3 39. f3
a5 40. Ra6 Kf7 41. Kf4 a4 42. b4 Rb3 43. Ke5 Re3+ 44. Kf4 Re6 45. Ra5 Rb6 46.
Ke5 Kg6 47. Kd5 Rf6 48. Ke4 Rb6 49. Kd5 h5 50. Kc5 Rb8 51. Kc6 h4 52. Kc7 Rf8
53. Rxb5 Rxf3 54. Ra5 Rh3 55. b5 Rxh2 56. b6 Rc2+ 57. Kd6 Rb2 58. Kc7 h3 59.
Rxa4 Kh5 60. b7 g5 61. Ra8 Kh4 62. Rh8+ Kg3 63. b8=Q Rxb8 64. Rxb8 g4 65. Kd6
h2 66. Rh8 Kg2 67. Ke5 1/2-1/2

[Event "2. Bundesliga Ost 2014/2015"]
[Site "1020 Wien, Haus des Schachsports, Marathonweg 14"]
[Date "2015.03.08"]
[Round "11"]
[Board "5"]
[White "Gajic, Zoran"]
[Black "Savio, Alfred Jun."]
[Result "1-0"]
[WhiteElo "2106"]
[BlackElo "2043"]
[PlyCount "89"]
[EventDate "2014.10.18"]
[EventType "team"]
[EventRounds "11"]
[EventCountry "AUT"]
[WhiteTeam "SV Stockerau"]
[BlackTeam "ASVOE Mattersburg"]

1. e4 c6 2. d4 d5 3. Nd2 dxe4 4. Nxe4 Bf5 5. Ng3 Bg6 6. Nf3 Nd7 7. Bc4 e6 8.
O-O Ngf6 9. Bg5 Be7 10. Re1 O-O 11. Nh4 Nb6 12. Nxg6 hxg6 13. Bb3 c5 14. dxc5
Bxc5 15. Qf3 Be7 16. Qxb7 Qd7 17. Qxd7 Nbxd7 18. Rad1 Nc5 19. Bc4 Rfd8 20. b4
Na4 21. a3 a5 22. Rxd8+ Bxd8 23. Bb3 axb4 24. axb4 Nc3 25. Bd2 Nb5 26. c4 Nd4
27. Bd1 Bc7 28. Bc3 e5 29. Kf1 Ra3 30. Re3 Nf5 31. Nxf5 gxf5 32. Bd4 Rxe3 33.
Bxe3 g6 34. f3 e4 35. h3 Be5 36. f4 Bc3 37. b5 Nd7 38. c5 Ba5 39. b6 Kf8 40.
Ba4 Ke7 41. Ke2 Kd8 42. Bd4 Kc8 43. b7+ Kc7 44. Bxd7 Kxb7 45. Be8 1-0

[Event "2. Bundesliga Ost 2014/2015"]
[Site "1020 Wien, Haus des Schachsports, Marathonweg 14"]
[Date "2015.03.08"]
[Round "11"]
[Board "6"]
[White "Ganauser, Eduard"]
[Black "Stanivukovic, Drago"]
[Result "0-1"]
[WhiteElo "2015"]
[BlackElo "1951"]
[PlyCount "99"]
[EventDate "2014.10.18"]
[EventType "team"]
[EventRounds "11"]
[EventCountry "AUT"]
[WhiteTeam "ASVOE Mattersburg"]
[BlackTeam "SV Stockerau"]

1. c4 e5 2. Nc3 f5 3. g3 Nf6 4. Bg2 c6 5. d4 e4 6. c5 d6 7. cxd6 Bxd6 8. Nh3
Be6 9. f3 exf3 10. Bxf3 h6 11. Nf4 Bf7 12. O-O g5 13. Nd3 Nbd7 14. e4 fxe4 15.
Nxe4 Nxe4 16. Bxe4 O-O 17. b3 Nf6 18. Bg2 Nd5 19. Ne5 Bxe5 20. dxe5 Qb6+ 21.
Kh1 Rae8 22. Qd3 Rxe5 23. Ba3 c5 24. Bb2 Re3 25. Qd2 Qb4 26. Qc1 Rd3 27. Ba3
Qc3 28. Bxc5 Rd8 29. Be4 Qxc1 30. Raxc1 Rd2 31. Rc2 Rxc2 32. Bxc2 Rc8 33. Rc1
Rxc5 34. Bh7+ Kxh7 35. Rxc5 Kg6 36. Kg1 Kf5 37. Rc8 a5 38. Rf8 Ke6 39. Rh8 h5
40. Rb8 b6 41. Kf2 g4 42. a3 Kd6 43. Rb7 Be6 44. Rh7 Nf6 45. Rh6 Ke7 46. b4
axb4 47. axb4 Bg8 48. Ke3 Kf7 49. Kf4 Kg7 50. Kg5 0-1

[Event "2. Bundesliga Ost 2014/2015"]
[Site "1020 Wien, Haus des Schachsports, Marathonweg 14"]
[Date "2015.03.08"]
[Round "11"]
[Board "1"]
[White "Baumegger, Siegfried"]
[Black "Stanec, Nikolaus"]
[Result "0-1"]
[WhiteElo "2465"]
[BlackElo "2492"]
[PlyCount "100"]
[EventDate "2014.10.18"]
[EventType "team"]
[EventRounds "11"]
[EventCountry "AUT"]
[WhiteTeam "tschaturanga"]
[BlackTeam "SC Donaustadt"]

1. d4 Nf6 2. Nf3 e6 3. c4 d5 4. Nc3 Nbd7 5. Bg5 h6 6. Bh4 Be7 7. e3 Ne4 8. Bxe7
Qxe7 9. cxd5 Nxc3 10. bxc3 exd5 11. Qb3 Nf6 12. c4 c6 13. cxd5 Nxd5 14. Bc4 Nb6
15. Bd3 Be6 16. Qc2 Nd5 17. Qd2 Qb4 18. Rb1 Qxd2+ 19. Kxd2 O-O-O 20. Rhc1 Nb6
21. e4 Kb8 22. a4 Nxa4 23. Rxc6 Rc8 24. Rcc1 f6 25. Bb5 Nb6 26. d5 Bd7 27. Bxd7
Nxd7 28. Nd4 Rxc1 29. Rxc1 Re8 30. Ne6 g5 31. Ke3 Rc8 32. Rxc8+ Kxc8 33. Kd4 b5
34. h3 a5 35. g3 Kb7 36. f4 gxf4 37. gxf4 Kb6 38. e5 fxe5+ 39. fxe5 a4 40. Ng7
a3 41. Kc3 Nxe5 42. Kb3 b4 43. Nf5 Nd3 44. d6 Nc1+ 45. Kc2 a2 46. Kb2 b3 47.
Nd4 Nd3+ 48. Ka1 Nc5 49. h4 h5 50. Kb2 Kb7 0-1

[Event "2. Bundesliga Ost 2014/2015"]
[Site "1020 Wien, Haus des Schachsports, Marathonweg 14"]
[Date "2015.03.08"]
[Round "11"]
[Board "3"]
[White "Sadilek, Peter"]
[Black "Kummer, Helmut"]
[Result "1-0"]
[WhiteElo "2283"]
[BlackElo "2354"]
[PlyCount "101"]
[EventDate "2014.10.18"]
[EventType "team"]
[EventRounds "11"]
[EventCountry "AUT"]
[WhiteTeam "tschaturanga"]
[BlackTeam "SC Donaustadt"]

1. c4 d6 2. d4 e5 3. Nf3 e4 4. Ng5 f5 5. h4 h6 6. Nh3 Qxh4 7. Nc3 c6 8. d5 c5
9. Qa4+ Bd7 10. Qb3 b6 11. Nb5 Bxb5 12. Qxb5+ Nd7 13. g3 Qf6 14. Bd2 a6 15. Qc6
Ra7 16. Bc3 Qd8 17. Nf4 Qb8 18. Ng6 Ne7 19. Nxe7 Kxe7 20. Bh3 Rc7 21. Qa4 b5
22. Qc2 b4 23. Bd2 g6 24. g4 Bg7 25. gxf5 g5 26. Qxe4+ Kd8 27. f6 Nxf6 28. Qg6
Re8 29. Be6 Rce7 30. O-O-O Nd7 31. f4 Nf8 32. Qf5 Nxe6 33. dxe6 Rxe6 34. fxg5
Rxe2 35. gxh6 Bd4 36. h7 b3 37. a3 Kc7 38. Qf3 Kb6 39. Qxb3+ Ka7 40. Qxb8+ Rxb8
41. b4 Rf8 42. Rde1 Rg2 43. bxc5 dxc5 44. Re7+ Ka8 45. Rd7 Bh8 46. Rh6 Kb8 47.
Rxa6 Rh2 48. Rg6 Kc8 49. Ra7 Kb8 50. Re7 Rf1+ 51. Kc2 1-0

[Event "2. Bundesliga Ost 2014/2015"]
[Site "1020 Wien, Haus des Schachsports, Marathonweg 14"]
[Date "2015.03.08"]
[Round "11"]
[Board "4"]
[White "Petroczi, Thomas"]
[Black "Wukits, Rene"]
[Result "1-0"]
[WhiteElo "2210"]
[BlackElo "2348"]
[PlyCount "61"]
[EventDate "2014.10.18"]
[EventType "team"]
[EventRounds "11"]
[EventCountry "AUT"]
[WhiteTeam "SC Donaustadt"]
[BlackTeam "tschaturanga"]

1. e4 c5 2. Nf3 Nf6 3. Nc3 Nc6 4. d4 d5 5. exd5 Nxd5 6. Bb5 Nxc3 7. bxc3 cxd4
8. Nxd4 Bd7 9. Rb1 Qc7 10. O-O e6 11. Re1 Be7 12. Qg4 O-O 13. Bh6 Bf6 14. Re3
e5 15. Nf5 Bxf5 16. Qxf5 Ne7 17. Qg4 Ng6 18. Bg5 Bxg5 19. Qxg5 Rad8 20. Bd3
Rfe8 21. g3 b6 22. h4 Nf8 23. Rb4 Qe7 24. Qg4 Qe6 25. Qf3 Qxa2 26. Bc4 Qa1+ 27.
Kg2 Ne6 28. Rxe5 Rd1 29. Bxe6 fxe6 30. Qc6 Qa2 31. Qxe8# 1-0

[Event "2. Bundesliga Ost 2014/2015"]
[Site "1020 Wien, Haus des Schachsports, Marathonweg 14"]
[Date "2015.03.08"]
[Round "11"]
[Board "5"]
[White "Sadilek, Maximilian"]
[Black "Karlusch, Albrecht"]
[Result "1-0"]
[WhiteElo "2211"]
[BlackElo "2129"]
[PlyCount "131"]
[EventDate "2014.10.18"]
[EventType "team"]
[EventRounds "11"]
[EventCountry "AUT"]
[WhiteTeam "tschaturanga"]
[BlackTeam "SC Donaustadt"]

1. e4 e6 2. Qe2 c5 3. Nf3 Nc6 4. g3 Nf6 5. Bg2 Be7 6. O-O d5 7. d3 O-O 8. e5
Nd7 9. c4 d4 10. h4 a6 11. Bf4 Rb8 12. Nbd2 b5 13. Ng5 Bxg5 14. hxg5 Bb7 15.
Rae1 Ne7 16. Qh5 Qe8 17. Bxb7 Rxb7 18. Qf3 Qa8 19. Kg2 bxc4 20. Nxc4 Rb5 21.
Re4 Rfb8 22. b3 Nc8 23. Rh1 a5 24. Bd2 Nf8 25. Qd1 Ng6 26. f3 Nf8 27. Rh2 a4
28. bxa4 Rb1 29. Qc2 Ng6 30. a5 Ra1 31. Rh1 Rxh1 32. Kxh1 Nce7 33. Kg2 Nd5 34.
Re1 Qb7 35. Qa4 Qa6 36. Qd7 Nf8 37. Qd6 Qb5 38. Kf2 Rb7 39. Qd8 Rd7 40. Qa8 Rb7
41. Nd6 Rb8 42. Nxb5 Rxa8 43. Nd6 Rb8 44. Nc4 Nd7 45. Rc1 Rb5 46. Ke2 Nc7 47.
Kd1 Na6 48. Kc2 Kf8 49. Rh1 Kg8 50. f4 Ndb8 51. Nd6 Nb4+ 52. Bxb4 Rxb4 53. Rb1
Rxb1 54. Kxb1 Kf8 55. Kc2 Ke7 56. Kb3 f6 57. exf6+ gxf6 58. Ne4 fxg5 59. Nxg5
Nc6 60. a6 Kd7 61. Kc4 h6 62. Ne4 e5 63. Nxc5+ Kd6 64. fxe5+ Kxe5 65. Nb3 h5
66. Nxd4 1-0